000 00357nam a2200133Ia 4500
008 231129s9999||||xx |||||||||||||| ||spa||
020 _a84-276-0362-2
040 _bspa
082 _a194 V937c
100 _aVoltaire Francois - Arouet
245 0 _aCartas filosóficas
264 _aEditora Nacional
942 _2ddc
_cBKS
999 _c6722
_d6722